01134nam a2200289 a 4500001000700000003000400007005001700011008004100028020001500069040001300084043001200097050002500109082002200134110005100156245019900207260008900406300003300495500001700528500006400545500002000609504004800629562000600677650003100683650003100714710005100745710004800796679333OSt20140310181749.0950913s1994 ph aba b 00000 eng d a9719150408 aANLcANL aa-ph--- a JC 599b.Se487 19940 aFIL 323 bHu 199420aPhilippine Alliance of Human Rights Advocates.10aYet a stream of human suffering' :ba Human Rights report on the second year of the Ramos Government (July 1, 1993-June 30, 1994) /cby the Philippine Alliance of Human Rights Advocates (PAHRA). aManila, Philippines :bPhilippine Alliance of Human Rights Advocates (PAHRA),c1994. a44 p. :bill., map ;c28 cm. aCover title. aPrepared by the Philippine Human Rights Information Center. a"October 1994." aIncludes bibliographical references (p. 40) e1 0aHuman rightszPhilippines. 0aCivil rightszPhilippines.2 aPhilippine Alliance of Human Rights Advocates.2 aPhilippine Human Rights Information Center.